Gaming Quiz

Random Gaming Quiz

Gamecube Games over 80% on Game Rankings Quiz Stats

Quiz not verified by Sporcle

Challenge
Share
Tweet
Embed
Score 0/126 Timer 16:00
0 Plays Today
Score Game % Correct
91.51%Super Mario Sunshine
86.6%
89.52%Super Smash Bros. Melee
82.6%
94.47%The Legend of Zelda: Wind Waker
81%
96.26%Metroid Prime
72.6%
86.89%Mario Kart: Double Dash!!
72.3%
95.29%The Legend of Zelda: Twilight Princess
69.9%
89.82%Resident Evil
69.6%
95.67%Resident Evil 4
67.5%
91.99%Metroid Prime 2: Echoes
64.9%
87.37%Pikmin
57.3%
89.28%Pikmin 2
54.8%
83.07%Madden NFL 06
52.7%
97.90%Paper Mario: The Thousand-Year Door
49.1%
81.63%Madden NFL 07
46.4%
86.52%Animal Crossing
43.5%
91.54%Madden NFL 2004
42.2%
89.07%F-Zero GX
41.8%
89.67%Madden NFL 2005
41.7%
81.68%Mario Golf: Toadstool Tour
41.4%
90.53%Madden NFL 2003
41%
92.10%SoulCalibur II
40.8%
91.32%Viewtiful Joe
40.4%
90.04%Eternal Darkness: Sanity's Requiem
39.7%
83.99%Resident Evil 0
39.5%
85.46%Metal Gear Sold: The Twin Snakes
37.1%
82.17%FIFA Soccer 06
36.6%
88.55%Super Monkey Ball
36.5%
85.52%Tales of Symphonia
36.5%
81.03%Mario Power Tennis
34.5%
91.85%Prince of Persia: The Sands of Time
33.8%
86.85%Fire Emblem: Path of Radiance
32.3%
85.64%Super Monkey Ball 2
32.2%
84.60%The Legend of Zelda: Four Swords Adventures
32.1%
85.44%Viewtiful Joe 2
31.6%
91.15%Tony Hawk's Pro Skater 3
30.3%
92.05%SSX 3
30%
88.10%Beyond Good & Evil
30%
84.96%NBA Street
30%
89.95%The Legend of Zelda: Ocarina of Time Master Quest
29.9%
87.46%SSX Tricky
29.9%
80.50%Final Fantasy Crystal Chronicles
29.6%
89.68%Tony Hawk's Pro Skater 4
29.1%
Score Game % Correct
89.23%TimeSplitters 2
28.8%
89.71%Star Wars: Rogue Squadron II: Rogue Leader
28.7%
87.18%Tony Hawk's Underground
28.7%
82.94%Wave Race: Blue Storm
28.7%
82.15%FIFA Soccer 2005
28.6%
83.67%FIFA Soccer 2004
28.3%
81.89%Donkey Kong Jungle Beat
28.2%
86.80%Skies of Arcadia Legends
27.9%
81.40%FIFA Soccer 2003
27.8%
86.92%Tom Clancy's Splinter Cell
26.6%
83.75%NHL 2004
26.6%
81.64%Baten Kaitos: Eternal Wings and the Lost Ocean
26.4%
81.17%FIFA Soccer 2002
26.4%
89.81%NBA Street Vol. 2
26%
80.18%Pac-Man vs.
25.3%
82.16%Mortal Kombat: Deadly Alliance
25.1%
83.92%Tony Hawk's Underground 2
24.8%
87.09%Ikaruga
23.9%
83.64%Harvest Moon: Magical Melody
23.2%
88.24%NBA Street Vol. 3
23.1%
84.08%Prince of Persia: Warrior Within
23%
82.65%NFL Street
22.5%
83.83%NBA 2K3
22.3%
92.17%The Legend of Zelda Collector's Edition
21.8%
85.43%Prince of Persia: The Two Thrones
21.8%
81.06%James Bond 007: Nightfire
21.6%
90.53%NBA 2K2
21.4%
82.75%NBA Live 2004
21.4%
82.71%NBA Live 2003
21.2%
81.14%NBA Live 2005
21.2%
80.58%Tom Clancy's Splinter Cell: Chaos Theory
20.4%
81.92%SSX On Tour
20%
80.77%NFL Street 2
19.9%
88.95%Burnout 2: Point of Impact
19.7%
80.47&Spider-Man 2
19.5%
80.36%Tom Clancy's Splinter Cell: Pandora Tomorrow
19.5%
85.33%TimeSplitters: Future Imperfect
19.2%
90.55%Tiger Woods PGA Tour 2003
19.1%
89.56%Tiger Woods PGA Tour 2004
19.1%
88.07%Tiger Woods PGA Tour 2005
19.1%
89.73%Madden NFL 2002
18.7%
83.73%Need for Speed Underground
18.1%
Score Game % Correct
82.43%Mega Man Anniversary Collection
17.8%
89.70%NFL 2K3
17.7%
81.60%Phantasy Star Online Episode I & II
17.5%
86.80%The Sims
16.8%
81.24%Tiger Woods PGA Tour 06
16.8%
83.85%The Lord of the Rings: The Return of the King
16.4%
90.57%NCAA Football 2003
16%
90.20%NCAA Football 2004
16%
88.01%NCAA Football 2005
15.8%
81.22%Alien Hominid
15.5%
84.48%James Bod 007:Everything or Nothing
15.3%
80.41%The Simpsons: Hit & Run
15.1%
87.12%NHL 2K3
14.8%
83.60%Hitman 2: Silent Assassin
14.8%
80.51%Second Sight
14.3%
82.17%NHL Hitz 20-03
14%
84.13%Lego Star Wars II: The Original Trilogy
13.9%
81.19%NHL Hitz 20-02
13.8%
88.12%MVP Baseball 2005
13.5%
87.43%MVP Baseball 2004
13.5%
81.89%Sega Soccer Slam
13.2%
87.27%Fight Night Round 2
13%
82.52%X-Men Legends
12.9%
81.29%X-Men Legends II: Rise of Apocalypse
12.6%
83.13%Def Jam Vendetta
12.5%
80.05%Gun
12.1%
80.78%Harvest Moon: A Wonderful Life
11.8%
84.32%Metal Arms: Glitch in the System
11.4%
84.77%Def Jam Fight For NY
11.3%
84.54%NASCAR Thunder 2003
11.3%
84.34%The Incredible Hulk: Ultimate Destruction
11.3%
87.61%NASCAR 2005: Chase for the Cup
11%
80.96%Peter Jackson's King Kong
11%
83.00%NCAA College Basketball 2K3
10.6%
80.76%The Sims Bustin Out
10.5%
87.02%Agressive Inline
10.3%
85.04%NASCAR: Dirt to Daytona
10.1%
82.06%NHL Hitz Pro
10.1%
81.16%Karaoke Revolution Party
10.1%
82.18%All-Star Baseball 2003
9.9%
81.37%Knockout Kings 2003
9.7%
83.73%Freedom Fighters
9.1%

You're not logged in!

Compare scores with friends on all Sporcle quizzes.
Sign Up with Email
OR
Log In

You Might Also Like...

Show Comments

Extras

Top Quizzes Today


Score Distribution

Your Account Isn't Verified!

In order to create a playlist on Sporcle, you need to verify the email address you used during registration. Go to your Sporcle Settings to finish the process.